Memòria d'activitats del Departament d'Història Contemporània : 1993-1999 1993-1999
Descripción Física:
124 p.
MARC
| LEADER | 00000nam a2200000Ia 4500 | ||
|---|---|---|---|
| 001 | 13583 | ||
| 008 | 160829s9999 xx 000 0 cat d | ||
| 080 | |a E-1-215 | ||
| 100 | |a Universitat de Barcelona. Departament d'Història Contemporània |9 25546 | ||
| 245 | |a Memòria d'activitats del Departament d'Història Contemporània : |b 1993-1999 | ||
| 260 | |a Barcelona : |b Universitat de Barcelona, DL 2001 | ||
| 300 | |a 124 p. | ||
| 590 | |a Títol a la coberta: Memòria d'activitats del Departament d'Història Contemporània : curs 1999-2000 | ||
| 650 | |a Universitat de Barcelona. Departament d'Història Contemporània |x Memòries |9 25547 | ||
| 901 | |a Arxiu | ||
| 942 | |n 1 | ||
| 952 | |0 0 |1 0 |4 0 |6 E1215 |7 1 |9 43670 |a Arxiu |b Arxiu |d 2016-12-01 |l 0 |o E-1-215 |p 13583 |r 2016-12-01 00:00:00 |w 2016-12-01 |y ARXIU | ||
| 999 | |c 46218 |d 46218 | ||